Renewable Energy Sources Potential, Economy, Character and Technology : 6. ročník medzinárodnej konferencie, 23.-25. marec 2011, Veľká Tŕňa
| Corporate Author: | |
|---|---|
| Format: | Conference Proceeding Software eBook |
| Language: | Slovak English German |
| PhysicalDescription: | 1 elektronický optický disk (CD-ROM) grafy, fotogr., mp., sch., tab. 12 cm |
| Published: |
V Košiciach
Technická univerzita
2011
|
| ISBN: | 9788055306735 (elektronická kniha) |
| Edition: | 1. vyd. |
| Subjects: |
MARC
| LEADER | 00000nam a2200000 a 4500 | ||
|---|---|---|---|
| 001 | vtls010313767 | ||
| 003 | SK-MaSNL | ||
| 005 | 20260301032055.0 | ||
| 007 | co bg auuua | ||
| 008 | 110927s2011 xo odblfs 100 0 slo | ||
| 015 | |a SNBS2013 | ||
| 020 | |a 9788055306735 (elektronická kniha) | ||
| 040 | |a SNK |b slo |c SNK |e AACR2 | ||
| 041 | 0 | |a slo |a eng |a ger |b eng |b ger |b slo | |
| 044 | |a xo |c SK | ||
| 072 | 7 | |a 620.9 |x Energetika |2 konspekt | |
| 080 | |a 620.92/.95 |2 2001 | ||
| 080 | |a 620.92:551.556.3 |2 2001 | ||
| 080 | |a 620.95 |2 2001 | ||
| 080 | |a 620.92:551.521.1 |2 2001 | ||
| 080 | |a 620.93 |2 2001 | ||
| 080 | |a (062.534) |2 2001 | ||
| 080 | |a (0.034.44) |2 2001 | ||
| 111 | 2 | |a RESpect |n (6. : |d 2011 : |c Veľká Tŕňa, Slovensko) |9 156909 | |
| 245 | 1 | 0 | |a Renewable Energy Sources |h elektronický zdroj |b Potential, Economy, Character and Technology : 6. ročník medzinárodnej konferencie, 23.-25. marec 2011, Veľká Tŕňa |c kolektív autorov |
| 246 | 1 | 1 | |a Potenciál, ekonomika, charakteristika a technológia obnoviteľných zdrojov energie |
| 250 | |a 1. vyd. | ||
| 260 | |a V Košiciach |b Technická univerzita |c 2011 | ||
| 300 | |a 1 elektronický optický disk (CD-ROM) |b grafy, fotogr., mp., sch., tab. |c 12 cm | ||
| 500 | |a Názov z titulnej obrazovky | ||
| 504 | |a Bibliogr. odkazy | ||
| 516 | |a Textový dokument (zborník), súbory vo formáte pdf | ||
| 538 | |a Technické požiadavky: PDF prehliadač | ||
| 546 | |a Text čiast. slov., angl. a nem.; res. v angl., nem. a slov. | ||
| 650 | 0 | 7 | |a alternatívne energetické zdroje |2 SNKPH |9 3476 |
| 650 | 0 | 7 | |a energia |2 SNKPH |9 15416 |
| 650 | 0 | 7 | |a biomasa |2 SNKPH |9 4197 |
| 650 | 0 | 7 | |a solárna energia |2 SNKPH |9 3508 |
| 650 | 0 | 7 | |a veterná energia |2 SNKPH |9 67549 |
| 650 | 0 | 7 | |a geotermálna energia |2 SNKPH |9 3507 |
| 650 | 0 | 7 | |a energetické zdroje |2 SNKPH |9 3475 |
| 650 | 0 | 7 | |a Renewable energy sources |2 SNKPHeng |9 266485 |
| 650 | 0 | 7 | |a Energy |2 SNKPHeng |9 268068 |
| 650 | 0 | 7 | |a Biomass |2 SNKPHeng |9 315958 |
| 650 | 0 | 7 | |a Solar energy |2 SNKPHeng |9 268202 |
| 650 | 0 | 7 | |a Wind energy |2 SNKPHeng |9 328718 |
| 650 | 0 | 7 | |a Geothermal energy |2 SNKPHeng |9 328719 |
| 650 | 0 | 7 | |a Power resources |2 SNKPHeng |9 328720 |
| 655 | 7 | |a elektronické zdroje |2 SNKPH |9 90954 | |
| 655 | 7 | |a CD-ROM |2 SNKPH |9 70236 | |
| 655 | 7 | |a zborníky konferencií |2 SNKPH |9 70153 | |
| 655 | 7 | |a Electronic resources |2 SNKPHeng |9 175546 | |
| 655 | 7 | |a Proceedings of conferences |2 SNKPHeng |9 265791 | |
| 752 | |a Slovensko |d Košice | ||
| 919 | |a 978-80-553-0673-5 | ||
| 958 | |a NB | ||
| 999 | |c 577781 |d 579711 | ||
| 952 | |a SNK |b SNK |y PREZ |7 0 |p 17A0718478 |o snkSCDM 4163 |i snk2011/19914 |8 0 |0 0 |1 0 |4 0 |d 2011-09-27 |l 0 |r 2026-02-23 14:39:11 |w 2026-02-23 | ||


